Gatunki niedźwiedzi - Statystyki

Ogólne statystyki
  • Ten quiz został rozwiązany 2 340 razy
    2 324 od ostatniego zresetowania
  • Średni wynik to 4 z 8
Statystyki odpowiedzi
Siedlisko Niedźwiedź % Poprawnych
Ameryka Północna, Europa, Azja Niedźwiedź brunatny (Grizzly)
99%
Arktyka Niedźwiedź polarny
97%
Ameryka Północna Niedźwiedź amerykański
72%
Chiny Panda wielka
67%
Azja Biruang malajski
22%
Azja Południowa Niedźwiedź himalajski
17%
Ameryka Południowa Andoniedźwiedź okularowy
13%
Azja Wargacz leniwy
9%
Nie znaleziono quizów pasujących do podanych kryteriów
Rozkład punktacji
Procent ludzi z każdym wynikiem
Percentyl według liczby udzielonych odpowiedzi
Twoja historia wyników
Nie rozwiązałeś tego quizu od ostatniego zresetowania